| 000 | 00458nam a22001817a 4500 | ||
|---|---|---|---|
| 003 | OSt | ||
| 005 | 20140311163200.0 | ||
| 008 | 140228t xxu||||| |||| 00| 0 eng d | ||
| 050 |
_aPZ 7 _b.St857Ins 2010 |
||
| 245 |
_aI'm not a supermouse / _cGeronimo Stilton. |
||
| 260 |
_aNew York : _bScholastic, _c2010. |
||
| 300 |
_a101 p. : _bcol. ill. ; _c18 cm. |
||
| 521 | _aG3 | ||
| 526 | _c510 | ||
| 942 |
_2lcc _cBK-SCHOLAS |
||
| 999 |
_c42482 _d42482 |
||